| 000 | 01055 a2200241 4500 | ||
|---|---|---|---|
| 001 | 40679 | ||
| 005 | 20260407155702.0 | ||
| 008 | 260407a2006 arg spa d | ||
| 003 | AR-UNSa-BCEJYS | ||
| 040 |
_aAR-UNSa-BCEJYS _bspa _cAR-UNSa-BCEJYS |
||
| 080 |
_a658.012.4 _xGestión. Dirección. Autoridad. Técnicas y métodos de gestión (gestión del conocimiento, Outsourcing, Benchmarking...) |
||
| 245 | 1 | 0 | _aDirección estratégica |
| 020 | _a978-84-481-4649-8 | ||
| 250 | _a2a. ed. | ||
| 264 | 1 |
_aMadrid : _bMcGraw-Hill _c2006 |
|
| 300 |
_ax, 373 p. _c24 cm. |
||
| 505 | _a1. El concepto de la estrategia - 2. Un marco para el análisis de la estrategia - 3. El análisis del entorno sectorial - 4. El análisis de los recursos y capacidades - 5. Formulación de la estrategia - 6. La implementación de la estrategia - | ||
| 041 | _aspa | ||
| 942 | _cBK | ||
| 590 | _aniveau_biblio:m niveau_hierar:0 | ||
| 100 | 1 | _aGarrido Buj, Santiago | |
| 856 | 4 | 1 |
_uhttps://biblioeco.unsa.edu.ar/pmb/images/libros/L126250.jpg _yImagen de portada _qimage/jpeg |
| 999 |
_c3289 _d3289 |
||